Statistics for Countries Containing M - One Minute Sprint

Click here to take the quiz!

General Stats

  • This quiz has been taken 53 times
  • The average score is 17 of 52

Answer Stats

country% Correct
Mali
86%
Mexico
69%
Malawi
67%
Mauritania
64%
Mauritius
64%
Mozambique
64%
Malta
61%
Malaysia
58%
Montenegro
58%
Moldova
56%
Monaco
56%
Macedonia
53%
Maldives
53%
Morocco
53%
Madagascar
47%
Mongolia
47%
Germany
44%
United Kingdom
44%
Zambia
39%
Zimbabwe
39%
Armenia
36%
Myanmar
31%
Namibia
31%
San Marino
28%
Cambodia
25%
Denmark
25%
Marshall Islands
25%
Romania
25%
United Arab Emirates
25%
Belgium
22%
Federated States
of Micronesia
22%
Gambia
22%
Colombia
19%
Oman
19%
Somalia
19%
Suriname
19%
Vietnam
19%
Bahamas
17%
Cameroon
17%
Yemen
17%
Comoros
14%
Panama
14%
Samoa
14%
São Tomé
and Príncipe
14%
Turkmenistan
14%
Dominica
11%
Dominican Republic
11%
Jamaica
11%
Luxembourg
11%
Guatemala
8%
Solomon Islands
8%
Timor-Leste
3%

Score Distribution

Percentile by Number Answered

Percent of People with Each Score

Your Score History

You have not taken this quiz